| 000 | 00637nam a2200217Ia 4500 | ||
|---|---|---|---|
| 999 |
_c35570 _d35570 |
||
| 001 | 1431 | ||
| 003 | GE_BSU | ||
| 005 | 20221115103745.0 | ||
| 008 | 181216s2004||||enk|||||||||||||| ||eng|| | ||
| 020 | _a1588901599x | ||
| 040 | _cGE_BSU | ||
| 080 | _a611(075.8)(084.4) P-72 | ||
| 100 |
_aPlatzer, M.D. _915806 |
||
| 245 |
_aColor Atlas and Textbook of Human Anatomy in 3 volumes : _bVol.1.Locomotor System / _cWerner Platzer. |
||
| 264 | _c2004. | ||
| 300 | _a462 p. | ||
| 653 | _aTextbook of Human Anatomy | ||
| 653 | _aადამიანის ანატომია | ||
| 653 | _aმედიცინა | ||
| 942 |
_cBK _2udc |
||